MARC

LEADER 00000nam0a2200000 4500
001 33568
005 20231030214951.0
010 |a 5217008938 
035 |a (RuTPU)RU\TPU\book\33918 
035 |a BOOK00000569 
090 |a 33568 
100 |a 20011210d1990 m y0rusy50 ca 
101 0 |a rus 
102 |a RU 
105 |a y j 000zy 
200 1 |a Техническое нормирование труда в машиностроении  |e учебное пособие  |f Н. А. Силантьева, В. Р. Малиновский 
205 |a 2-е изд., перераб. и доп. 
210 |a Москва  |c Машиностроение  |d 1990 
215 |a 256 с. 
610 1 |a электрические аппараты 
610 1 |a учебные пособия 
610 1 |a машиностроение 
610 1 |a техническое нормирование 
610 1 |a расчеты 
610 1 |a высокие напряжения 
675 |a 621.002:658.53(075.3)  |v 3 
700 1 |a Силантьева  |b Н. А.  |g Нина Александровна 
701 1 |a Малиновский  |b В. Р.  |g Виктор Романович 
801 0 |a RU  |b 63413507  |c 20011210  |g PSBO 
801 2 |a RU  |b 63413507  |c 20190329  |g PSBO 
900 |a Электрические аппараты высокого напряжения 
942 |c BK